000
00269 a2200109 4500
001
12909
090
_c
9889
_d
9889
100
_a
Piosel,Richard.A
245
_a
Modern Communications Jamming Principles and Techniques.
260
_a
LONDON
_b
Artech House
_c
2004
300
_a
xv, 479
942
_a
NUST-CAE
999
_c
247982
_d
247982